1657 1856 1970 1036 1531 1926 1211 1536 1428 1007 1084 1913 1912 1190 1335 1901 1217 1555 1262 1715 1145 1804 1695 1510 1427 1352 1173 1477 1589 1777 1442 1916 1433 1847 1061 1487 1201 1565 1631 1018 1593 1569 1635 1852 1712 1148 1306 1814 1535 1434 1220 1804 1212 1317 1444 1901 1706 1803 1515 1565 1283 1381 1778 1328 1854 1909 1683 1495 1081 1739 1147 1563 1108 1194 1020 1850 1473 1894 1425 1562 1984 1353 1183 1563 1661 1790 1940 1661 1718 1671 1614 1042 1752 1336 1158 1456 1369 1809 1658 BCNSPRNW ULIB Ver.6.0+V

เปลี่ยนเป็นภาษาไทย

Change to English
 แสดงรายละเอียดบรรณานุกรม
  กลับหน้าหลัก

Brief Record : Get Marc (ISO 2709) : E-mail record : QR code < ปิดหน้าต่าง
LEADER : 00000nam 2200000uu 4500
001    13399112337
003     ULIB
008    110627s2550||||th 000 0 tha d
020    9789744723628
090    นว.^bร942ฮ ล.1 2550
100 0  โรว์ลิ่ง, เจ.เค.
245 00 แฮร์รี่ พอตเตอร์ กับศิลาอาถรรพ์ เล่ม 1/^cโรว์ลิ่ง, เจ.เค.
250    พิมพ์ครั้งที่ 7
260    กรุงเทพฯ :^bนานมีบุ๊คส์,^c2550
300    373 หน้า
710 1  นานมีบุ๊คส์
945    ^p195^l0^i021002
995    ทศพร
999 ^a ใช้งานได้ทุกระบบ
รายการนี้ยังไม่มีแท็ก
คุณยังไม่ได้ล็อกอิน คุณสามารถมีกิจกรรมร่วมกับเว็บไซต์ได้ แต่ต้องล็อกอินก่อน ::
  ล็อกอิน

รายการสื่อสารสนเทศ

ลำดับที่ ประเภท เลขเรียก/บาร์โค้ด สถานที่ สถานะ
- ไม่พบข้อมูล -

รายการใกล้เคียง
    ผู้แต่ง [โรว์ลิ่ง, เจ.เค.]

BibComment


ยังไม่เคยถูกคอมเมนท์

คอมเมนท์ทรัพยากรรายการนี้
  คอมเมนท์: แฮร์รี่ พอตเตอร์ ..


 Copyright 2026. Bcnsprnw @Library